[Event "Autumn Tournament 2015 "]
[Site "SchemingMind.com"]
[Date "2015.09.17"]
[Round "-"]
[White "emvarela"]
[Black "fanfan_la_Tulipe"]
[Result "0-1"]
[WhiteCountry "ARG"]
[BlackCountry "AUT"]
[WhiteElo "1709"]
[WhiteRD "48"]
[BlackElo "2130"]
[BlackRD "73"]
[GameID "387329"]

1. e4 e5 2. Nf3 Nc6 3. Bb5 a6 4. Ba4 Nf6 5. O-O b5 6. Bb3 Bc5 7. c3 d6 8. d4 Bb6 9. Bg5 h6 10. Bxf6 Qxf6
11. dxe5 Nxe5 12. Nxe5 Qxe5 13. Qf3 O-O 14. Nd2 Be6 15. Qg3 Qxg3 16. hxg3 g5 17. Bxe6 fxe6 18. Rae1 e5 19. Re2 g4 20. Kh2 Rf7
21. f4 gxf3 22. Rxf3 Raf8 23. g4 Rf4 24. Kg3 R8f6 25. Rxf4 Rxf4 26. Nf3 Kf7 27. Nh4 Kf6 28. Nf5 Kg5 29. Ng7 Rxg4+ 30. Kh3 h5
31. g3 h4 32. Ne6+ Kh5 33. Rg2 hxg3 34. Rxg3 Rxg3+ 35. Kxg3 Kg6 36. Nd8 Kf6 37. Nc6 Ke6 38. b3 a5 39. b4 axb4 40. cxb4 d5
41. exd5+ Kxd5 42. Ne7+ Ke4 43. Nc6 Bd4 44. Na5 Kd3 45. Nb3 Kc4
0-1

[Event "Autumn Tournament 2015 "]
[Site "SchemingMind.com"]
[Date "2015.09.17"]
[Round "-"]
[White "fanfan_la_Tulipe"]
[Black "emvarela"]
[Result "1-0"]
[WhiteCountry "AUT"]
[BlackCountry "ARG"]
[WhiteElo "2130"]
[WhiteRD "73"]
[BlackElo "1709"]
[BlackRD "48"]
[GameID "387330"]

1. Nf3 Nf6 2. b3 g6 3. g3 Bg7 4. Bb2 O-O 5. c4 c5 6. Bg2 Nc6 7. O-O d6 8. d3 Qd7 9. Nbd2 e5 10. e3 b6
11. Qe2 Bb7 12. Rfe1 Rad8 13. a3 Rfe8 14. Rad1 Ne7 15. e4 b5 16. Ng5 h6 17. Nh3 b4 18. axb4 cxb4 19. f4 exf4 20. Nxf4 a5
21. d4 Nc6 22. Qd3 g5 23. Nd5 Nxd5 24. cxd5 Nb8 25. Nc4 f5 26. exf5 Rxe1+ 27. Rxe1 Ba6 28. Re6 Re8 29. Qe3 Rxe6 30. dxe6 Qe7
31. Nxa5 Bf6 32. Nc6 Nxc6 33. Bxc6 Bb7 34. Qf3 Bxc6 35. Qxc6 Kf8 36. Qb5
1-0

[Event "Autumn Tournament 2015 "]
[Site "SchemingMind.com"]
[Date "2015.09.22"]
[Round "-"]
[White "emvarela"]
[Black "Phillip Beckett"]
[Result "1/2-1/2"]
[WhiteCountry "ARG"]
[BlackCountry "ENG"]
[WhiteElo "1690"]
[WhiteRD "47"]
[BlackElo "1586"]
[BlackRD "49"]
[GameID "387649"]

1. e4 e5 2. Nf3 Nc6 3. d4 exd4 4. c3 d3 5. Bxd3 d6 6. O-O Nf6 7. Bg5 Be7 8. Bxf6 Bxf6 9. Nbd2 Ne5 10. Nxe5 Bxe5
11. f4 Bf6 12. Nf3 O-O 13. Qe2 Bg4 14. h3 Bd7 15. e5 dxe5 16. fxe5 Be7 17. Rfd1 Qc8 18. Qe4 g6 19. Nd4 Bc5 20. Kh2 Bxd4
21. Qxd4 Bc6 22. Be4 Bxe4 23. Qxe4 Qe6 24. Qd5 Rfd8 25. Qxe6 fxe6 26. g4 Kf7 27. Rf1+ Ke7 28. Rad1 Rxd1 29. Rxd1 Rd8 30. Rxd8 Kxd8
31. Kg3 Ke7=
1/2-1/2

[Event "Autumn Tournament 2015 "]
[Site "SchemingMind.com"]
[Date "2015.09.19"]
[Round "-"]
[White "Phillip Beckett"]
[Black "emvarela"]
[Result "1-0"]
[WhiteCountry "ENG"]
[BlackCountry "ARG"]
[WhiteElo "1590"]
[WhiteRD "50"]
[BlackElo "1700"]
[BlackRD "49"]
[GameID "387650"]

1. e4 e5 2. Nf3 Nc6 3. Bb5 f5 4. Bxc6 dxc6 5. O-O Bd6 6. exf5 Bxf5 7. d3 h6 8. Nc3 Nf6 9. Be3 Nd5 10. Qd2 Nxc3
11. Qxc3 Qe7 12. Rae1 Bb4 13. Qxe5 Qxe5 14. Bd2
1-0

[Event "Autumn Tournament 2015 "]
[Site "SchemingMind.com"]
[Date "2015.09.18"]
[Round "-"]
[White "Phillip Beckett"]
[Black "fanfan_la_Tulipe"]
[Result "0-1"]
[WhiteCountry "ENG"]
[BlackCountry "AUT"]
[WhiteElo "1559"]
[WhiteRD "49"]
[BlackElo "2107"]
[BlackRD "72"]
[GameID "387651"]

1. e4 e5 2. Nf3 Nc6 3. Bb5 a6 4. Bxc6 dxc6 5. d4 exd4 6. Qxd4 Qxd4 7. Nxd4 Bd7 8. Be3 O-O-O 9. Nd2 c5 10. N4b3 b6
11. O-O-O Ne7 12. Nc4 Nc6 13. f3 Be7 14. Bf4 Be6 15. Ncd2 c4 16. Na1 Nd4 17. Be3 Ne2+ 18. Kb1 c3 19. Nab3 cxd2 20. Rxd2 Bxb3
21. Rxe2 Bc4 22. Rd2 Rxd2 23. Bxd2 Rd8 24. Bf4 f6 25. b3 Be6 26. Kc1 Ba3+ 27. Kb1 Bb4 28. Be3 Bd2 29. Bxd2 Rxd2 30. Kc1 Rxg2
31. h4 h5 32. f4 Bg4
0-1

[Event "Autumn Tournament 2015 "]
[Site "SchemingMind.com"]
[Date "2015.09.18"]
[Round "-"]
[White "fanfan_la_Tulipe"]
[Black "Phillip Beckett"]
[Result "1-0"]
[WhiteCountry "AUT"]
[BlackCountry "ENG"]
[WhiteElo "2107"]
[WhiteRD "72"]
[BlackElo "1559"]
[BlackRD "49"]
[GameID "387652"]

1. Nf3 Nf6 2. b3 g6 3. Bb2 Bg7 4. g3 d6 5. d4 Nbd7 6. Bg2 O-O 7. O-O c6 8. Nbd2 a5 9. a4 b5 10. axb5 cxb5
11. Ne5 dxe5 12. Bxa8 Ba6 13. Bg2 exd4 14. Bxd4 e5 15. Bb2 Qc7 16. c4 bxc4 17. Nxc4 Bxc4 18. bxc4 Nc5 19. Qc2 e4 20. Rfd1 a4
21. Rxa4 Nxa4 22. Qxa4 Qb7 23. Qc2 Rb8 24. Bxf6 Bxf6 25. Qxe4 Qxe4 26. Bxe4 Rb4 27. Bd5 Ra4 28. Kg2 Ra1 29. Rd3 Rc1 30. Rb3 Kg7
31. Rb7
1-0

[Event "Autumn Tournament 2015 "]
[Site "SchemingMind.com"]
[Date "2015.09.21"]
[Round "-"]
[White "emvarela"]
[Black "kenneth m day"]
[Result "0-1"]
[WhiteCountry "ARG"]
[BlackCountry "USA"]
[WhiteElo "1690"]
[WhiteRD "47"]
[BlackElo "1713"]
[BlackRD "53"]
[GameID "387657"]

1. e4 e5 2. Nf3 Nc6 3. Bb5 f5 4. Bxc6 dxc6 5. Nxe5 Nf6 6. d3 fxe4 7. Bg5 exd3 8. Nxd3 Be6 9. O-O Be7 10. Nc3 O-O
11. Re1 Bg4 12. f3 Bh5 13. Bxf6 Bxf6 14. Nf4 Bd4+ 15. Kf1 Rxf4 16. Ne2 Qh4 17. Nxd4 Rxd4 18. Qe2 Qxh2 19. Qe6+ Bf7 20. Qe3 Rad8
21. Kf2 Rd2+ 22. Kf1 Qxg2#
0-1

[Event "Autumn Tournament 2015 "]
[Site "SchemingMind.com"]
[Date "2015.09.19"]
[Round "-"]
[White "kenneth m day"]
[Black "emvarela"]
[Result "1-0"]
[WhiteCountry "USA"]
[BlackCountry "ARG"]
[WhiteElo "1678"]
[WhiteRD "53"]
[BlackElo "1700"]
[BlackRD "49"]
[GameID "387658"]

1. e4 e5 2. f4 exf4 3. Nf3 h6 4. d4 g5 5. Nc3 Bb4 6. Qd3 Bxc3+ 7. Qxc3 c6 8. d5 Qe7 9. Bd3 f6 10. Bd2 d6
11. O-O-O Bd7 12. h3 h5 13. Nxg5 cxd5 14. exd5 Kd8 15. Rhe1 Qg7 16. Ne6+ Bxe6 17. Rxe6 Nd7 18. Bxf4 Qxg2 19. Bf5 Ne7 20. Bxd6 Qg5+
21. Kb1 Rc8 22. Bxe7+
1-0

[Event "Autumn Tournament 2015 "]
[Site "SchemingMind.com"]
[Date "2015.09.19"]
[Round "-"]
[White "Phillip Beckett"]
[Black "kenneth m day"]
[Result "0-1"]
[WhiteCountry "ENG"]
[BlackCountry "USA"]
[WhiteElo "1559"]
[WhiteRD "49"]
[BlackElo "1685"]
[BlackRD "50"]
[GameID "387659"]

1. e4 e5 2. Nf3 Nc6 3. Bb5 f5 4. Bxc6 dxc6 5. d4 exd4 6. exf5 Nf6 7. Qxd4 Bxf5 8. Qxd8+ Rxd8 9. c3 Bd3 10. Be3 Bd6
11. Nbd2 O-O 12. O-O-O a6 13. Nb3 Bg6 14. Rhe1 b6 15. Nbd4 Nd5 16. Nxc6 Be4 17. Ncd4 Nxe3 18. fxe3 Rfe8 19. g3 c5
0-1

[Event "Autumn Tournament 2015 "]
[Site "SchemingMind.com"]
[Date "2015.09.18"]
[Round "-"]
[White "kenneth m day"]
[Black "Phillip Beckett"]
[Result "1-0"]
[WhiteCountry "USA"]
[BlackCountry "ENG"]
[WhiteElo "1685"]
[WhiteRD "50"]
[BlackElo "1559"]
[BlackRD "49"]
[GameID "387660"]

1. e4 e5 2. Nf3 Nc6 3. d4 exd4 4. c3 d3 5. Bxd3 d6 6. Be3 Nf6 7. Nbd2 Ne5 8. Bc2 Nxf3+ 9. Qxf3 Be7 10. h3 Be6
11. O-O-O O-O 12. Kb1 a5 13. Nb3 g6 14. a4 Qd7 15. Nd4 b5 16. Nxb5 c6 17. Nxd6 Bxd6 18. Qxf6 Qe7 19. Qd4 Rad8 20. Bh6 Ba2+
21. Kxa2 Be5 22. Qb6 Rb8 23. Qxa5 Qe6+ 24. b3 Rfc8 25. Qc5 Bd6 26. Rxd6
1-0

[Event "Autumn Tournament 2015 "]
[Site "SchemingMind.com"]
[Date "2015.09.18"]
[Round "-"]
[White "kenneth m day"]
[Black "fanfan_la_Tulipe"]
[Result "0-1"]
[WhiteCountry "USA"]
[BlackCountry "AUT"]
[WhiteElo "1698"]
[WhiteRD "51"]
[BlackElo "2130"]
[BlackRD "73"]
[GameID "387661"]

1. e4 e5 2. f4 exf4 3. Nf3 Ne7 4. d4 d5 5. e5 Ng6 6. Nc3 Bg4 7. Bd3 Nc6 8. Be2 Bb4 9. O-O O-O 10. Qd3 Qd7
11. a3 Be7 12. h3 Bf5 13. Qd2 f6 14. h4 fxe5 15. dxe5 d4 16. Nb5 Ngxe5 17. Qxf4 Nxf3+ 18. Bxf3 Bxc2 19. Qxc7 Qxc7 20. Nxc7 Rac8
21. Ne6 Rf6 22. Re1 d3 23. Bg5 Rxf3 24. gxf3 Bxg5 25. Nxg5 d2 26. Rf1 Nd4 27. Ne4 d1=Q 28. Rfxd1 Bxd1 29. Rxd1 Nxf3+ 30. Kg2 Nxh4+
31. Kg3 Nf5+ 32. Kf4 Rf8 33. Ke5 Ne3 34. Rd7 Re8+ 35. Kd4 Nf5+ 36. Kd3 Re7 37. Rd8+ Kf7 38. Rc8 Rxe4 39. Kxe4 Nd6+
0-1

[Event "Autumn Tournament 2015 "]
[Site "SchemingMind.com"]
[Date "2015.09.19"]
[Round "-"]
[White "fanfan_la_Tulipe"]
[Black "kenneth m day"]
[Result "1-0"]
[WhiteCountry "AUT"]
[BlackCountry "USA"]
[WhiteElo "2105"]
[WhiteRD "73"]
[BlackElo "1713"]
[BlackRD "53"]
[GameID "387662"]

1. Nf3 d5 2. b3 Nf6 3. Bb2 c5 4. g3 Nc6 5. Bg2 Bg4 6. O-O e6 7. d3 Be7 8. Nbd2 h5 9. h4 Qc7 10. d4 cxd4
11. Nxd4 Rc8 12. Rc1 Bc5 13. Nxc6 bxc6 14. Kh2 Qe7 15. f3 Bf5 16. e4 dxe4 17. Nxe4 Bb6 18. Nd6+ Kd8 19. Nxf5+ Qd7 20. Qxd7+ Kxd7
21. Nxg7 Ke7 22. Rfe1 Kf8 23. Bxf6 Rh7 24. Nxe6+ fxe6 25. Rxe6 Rf7 26. Bg5 Bc7 27. Rce1 c5 28. f4
1-0

[Event "Autumn Tournament 2015 "]
[Site "SchemingMind.com"]
[Date "2015.09.28"]
[Round "-"]
[White "emvarela"]
[Black "Scooter"]
[Result "1/2-1/2"]
[WhiteCountry "ARG"]
[BlackCountry "USA"]
[WhiteElo "1709"]
[WhiteRD "48"]
[BlackElo "1696"]
[BlackRD "46"]
[GameID "388026"]

1. e4 c6 2. d4 d5 3. exd5 cxd5 4. c4 Nf6 5. Nc3 e6 6. Nf3 Be7 7. cxd5 Nxd5 8. Nxd5 Qxd5 9. b3 O-O 10. Bc4 Qd8
11. Be3 Nd7 12. O-O a6 13. Rc1 b5 14. Bd3 Nf6 15. h3 Bb7 16. Ne5 Rc8 17. Rxc8 Qxc8 18. Qc1 Qxc1 19. Rxc1 Rc8 20. Rxc8+ Bxc8
21. f4 Nd5 22. Bd2 Bb4 23. Bxb4 Nxb4 24. a3 Nxd3 25. Nxd3 Kf8 26. Kf2 f6 27. Ke3 Ke7 28. Nc5 Kd6 29. g4 Kd5 30. Nd3 Bb7
31. Nb4+ Kd6 32. Nd3 Bg2 33. h4 a5 34. f5 exf5 35. gxf5 Bh3 36. Nc5 Bxf5 37. Nb7+ Kd5 38. Nxa5 g5 39. hxg5 fxg5 40. a4 bxa4
41. bxa4 h5 42. Nb3 h4 43. a5 h3 44. a6 Bc8 45. a7 Bb7 46. Kf2 Kc4 47. Nd2+ Kxd4 48. Kg3 Kd3 49. Nf3 Kc4=
1/2-1/2

[Event "Autumn Tournament 2015 "]
[Site "SchemingMind.com"]
[Date "2015.09.28"]
[Round "-"]
[White "Scooter"]
[Black "emvarela"]
[Result "1/2-1/2"]
[WhiteCountry "USA"]
[BlackCountry "ARG"]
[WhiteElo "1717"]
[WhiteRD "47"]
[BlackElo "1690"]
[BlackRD "47"]
[GameID "388027"]

1. d4 d5 2. Nf3 Bg4 3. e3 Nf6 4. Be2 Bxf3 5. Bxf3 Nc6 6. c3 e6 7. O-O Bd6 8. Nd2 e5 9. dxe5 Nxe5 10. Nb3 Nxf3+
11. Qxf3 c6 12. Nd2 O-O 13. c4 dxc4 14. Nxc4 Qc7 15. Nxd6 Qxd6 16. Rd1 Qe7 17. b3 Rad8 18. Bb2 Rxd1+ 19. Rxd1 Rd8 20. Rxd8+ Qxd8
21. Bxf6 Qxf6 22. Qxf6 gxf6 23. e4 Kf8 24. f4 Ke7 25. Kf2 Ke6 26. Ke3 c5 27. Kd3 b5 28. g4 Kd6 29. a4 a6 30. axb5 axb5
31. h4 h6 32. h5 Ke6 33. Ke3 Ke7 34. Kd3 Ke6 35. Kc3 Kd6 36. b4 c4 37. Kd4 Ke6 38. Ke3 Kd6 39. Kd4 Ke6 40. Kc3 Kd6
41. Kd4=
1/2-1/2

[Event "Autumn Tournament 2015 "]
[Site "SchemingMind.com"]
[Date "2015.09.27"]
[Round "-"]
[White "Phillip Beckett"]
[Black "Scooter"]
[Result "0-1"]
[WhiteCountry "ENG"]
[BlackCountry "USA"]
[WhiteElo "1559"]
[WhiteRD "49"]
[BlackElo "1723"]
[BlackRD "47"]
[GameID "388028"]

1. e4 c6 2. d4 d5 3. Nc3 dxe4 4. Nxe4 Bf5 5. Ng3 Bg6 6. c3 Nd7 7. Bd3 Bxd3 8. Qxd3 Qc7 9. Nf3 O-O-O 10. Be3 Ngf6
11. O-O-O e6 12. Ne4 Nxe4 13. Qxe4 Nf6 14. Qc2 Nd5 15. Ne5 f6 16. Nf3 Nxe3 17. fxe3 Bd6 18. g3 e5 19. dxe5 Bxe5 20. Nxe5 Qxe5
21. Rxd8+ Rxd8 22. Qf2 Qd5 23. Re1 Qxa2 24. Kc2 Qa4+ 25. Kb1 Rd1+ 26. Rxd1 Qxd1+ 27. Ka2 Kc7 28. Qf4+ Qd6 29. Qe4 Qd5+ 30. Qxd5 cxd5
31. Kb3 a5 32. c4 Kc6 33. cxd5+ Kxd5 34. Kc3 Ke4 35. Kd2 b5
0-1

[Event "Autumn Tournament 2015 "]
[Site "SchemingMind.com"]
[Date "2015.09.27"]
[Round "-"]
[White "Scooter"]
[Black "Phillip Beckett"]
[Result "1-0"]
[WhiteCountry "USA"]
[BlackCountry "ENG"]
[WhiteElo "1723"]
[WhiteRD "47"]
[BlackElo "1559"]
[BlackRD "49"]
[GameID "388029"]

1. d4 d5 2. Nf3 Nf6 3. Bf4 e6 4. e3 c5 5. Bb5+ Bd7 6. Bxd7+ Nbxd7 7. c3 Qb6 8. Qb3 c4 9. Qxb6 Nxb6 10. O-O Be7
11. Nbd2 Na4 12. Rab1 b5 13. Bg5 h6 14. Bxf6 Bxf6 15. Rfc1 a5 16. b3 cxb3 17. axb3 Nb6 18. c4 bxc4 19. bxc4 Nxc4 20. Nxc4 O-O
21. Nb6 Ra7 22. Rc8 Rxc8 23. Nxc8 Rc7 24. Nd6 Kh7 25. g3 a4 26. Ne5 Bxe5 27. dxe5 f5 28. Ra1 g5 29. Rxa4 Rc1+ 30. Kg2 h5
31. Ra7+ Kg6 32. Re7 h4 33. Rxe6+
1-0

[Event "Autumn Tournament 2015 "]
[Site "SchemingMind.com"]
[Date "2015.09.28"]
[Round "-"]
[White "Scooter"]
[Black "kenneth m day"]
[Result "1/2-1/2"]
[WhiteCountry "USA"]
[BlackCountry "USA"]
[WhiteElo "1696"]
[WhiteRD "46"]
[BlackElo "1698"]
[BlackRD "51"]
[GameID "388030"]

1. d4 d5 2. Nf3 c5 3. c3 Nc6 4. Bf4 Nf6 5. h3 Bf5 6. e3 e6 7. Bd3 Bg6 8. O-O Bd6 9. Bxd6 Qxd6 10. Bb5 O-O
11. Nbd2 h6 12. Bxc6 bxc6 13. dxc5 Qxc5 14. Nb3 Qd6 15. Rc1 c5 16. c4 Be4 17. cxd5 Bxd5 18. Nxc5 Rfd8 19. Nb3 Ne4 20. Nfd4 Qe5
21. Nc6 Bxc6 22. Nd4 Bb7 23. Nf3 Qxb2 24. Qa4 Qb6 25. Rb1 Qc6 26. Qb4 Rab8 27. Nd4 Qd5 28. Rfd1 Qxa2 29. Rb2 Qa6 30. Rdb1 e5
31. Qe7 Qf6 32. Qxf6 Nxf6 33. Nc6 Bxc6 34. Rxb8 Rxb8 35. Rxb8+ Kh7 36. Rc8 Bd5 37. Rc7 a5 38. Ra7 a4 39. Rxa4 Be6= 40. e4 Bd7
41. Ra5 Nxe4 42. Rxe5 Nf6 43. g4 Be6 44. Kg2 Nd5 45. Kg3 Nf6 46. f4 Nd7 47. Re3 Nf6 48. f5 Bd5 49. Kf4 Bc6 50. Re1 Bd5
51. h4 Bc4 52. Rc1 Bd5 53. g5 hxg5+ 54. hxg5 Ne8 55. Rd1 Bc6=
1/2-1/2

[Event "Autumn Tournament 2015 "]
[Site "SchemingMind.com"]
[Date "2015.09.27"]
[Round "-"]
[White "kenneth m day"]
[Black "Scooter"]
[Result "0-1"]
[WhiteCountry "USA"]
[BlackCountry "USA"]
[WhiteElo "1713"]
[WhiteRD "53"]
[BlackElo "1717"]
[BlackRD "47"]
[GameID "388031"]

1. e4 c6 2. c4 d5 3. cxd5 cxd5 4. exd5 Qxd5 5. Nc3 Qd8 6. d4 Nf6 7. Bg5 Nbd7 8. Nf3 e6 9. Bb5 Be7 10. O-O a6
11. Ba4 b5 12. Bc2 O-O 13. Qd3 h6 14. Bf4 Bb7 15. Ne5 Bb4 16. a3 Bxc3 17. bxc3 Be4 18. Qd2 Bxc2 19. Qxc2 Rc8 20. Rfe1 Nd5
21. Bd2 N7b6 22. Re4 Nc4 23. Rg4 Nxd2 24. Qxd2 Nf6 25. Rh4 Nd7 26. Re4 Nxe5 27. Rxe5 Qc7 28. Rc5 Qa7 29. Rxc8 Rxc8 30. Rc1 Rc4
31. Qe3= Qd7 32. Rc2 Qd6 33. Qe4 Qxa3 34. h3 Rxc3 35. Rxc3 Qxc3 36. Qa8+ Kh7 37. Qxa6 b4 38. Qd6 b3 39. d5 b2 40. Qb6 Qc1+
0-1

[Event "Autumn Tournament 2015 "]
[Site "SchemingMind.com"]
[Date "2015.09.27"]
[Round "-"]
[White "Scooter"]
[Black "fanfan_la_Tulipe"]
[Result "0-1"]
[WhiteCountry "USA"]
[BlackCountry "AUT"]
[WhiteElo "1707"]
[WhiteRD "48"]
[BlackElo "2130"]
[BlackRD "72"]
[GameID "388032"]

1. d4 Nf6 2. Nf3 g6 3. Bf4 Bg7 4. e3 O-O 5. Be2 c5 6. c3 b6 7. O-O Bb7 8. Nbd2 d6 9. Qc2 Nbd7 10. h3 Rc8
11. dxc5 Nxc5 12. Rfd1 Qc7 13. Rac1 Rfd8 14. Nb3 Be4 15. Qd2 Ne6 16. Nbd4 Nxf4 17. exf4 Qb7 18. Bd3 a6 19. Bxe4 Nxe4 20. Qe3 b5
21. Re1 d5 22. Nd2 Nxd2 23. Qxd2 e6 24. Qe3 Rd6 25. Nf3 Rdc6 26. Ne5 R6c7 27. Rcd1 b4 28. cxb4 Qxb4 29. b3 Rc2 30. Re2 Rxe2
31. Qxe2 Qxf4 32. Nd3 Qd6 33. Rc1 Rxc1+ 34. Nxc1 Qc6 35. Nd3 Qb5 36. Kf1 e5 37. f3 f5 38. Kf2 e4 39. fxe4 dxe4 40. Nf4 Bd4+
41. Kf1 Kf7 42. Qxb5 axb5 43. Ke2 Ke7 44. Kd2 Kd6 45. Ne2 Be5 46. Nc3 b4 47. Nd1 f4 48. Ke2 Bd4 49. Nf2 Bxf2 50. Kxf2 Kd5
51. Ke2 Kd4
0-1

[Event "Autumn Tournament 2015 "]
[Site "SchemingMind.com"]
[Date "2015.09.27"]
[Round "-"]
[White "fanfan_la_Tulipe"]
[Black "Scooter"]
[Result "1-0"]
[WhiteCountry "AUT"]
[BlackCountry "USA"]
[WhiteElo "2130"]
[WhiteRD "72"]
[BlackElo "1707"]
[BlackRD "48"]
[GameID "388033"]

1. Nf3 Nf6 2. b3 g6 3. Bb2 Bg7 4. g3 O-O 5. Bg2 d6 6. d4 Bg4 7. h3 Bxf3 8. Bxf3 c6 9. O-O Nbd7 10. Nd2 d5
11. c4 e6 12. Qc2 Re8 13. Rad1 e5 14. cxd5 cxd5 15. dxe5 Nxe5 16. Bg2 Rc8 17. Qb1 b5 18. Nf3 Nxf3+ 19. Bxf3 Ne4 20. Bxg7 Kxg7
21. Qb2+ Qf6 22. Qxf6+ Nxf6 23. Rd4 Rc2 24. a4 a6 25. axb5 axb5 26. Rb4 Rb8 27. Rd1 Ne4 28. Bxe4 dxe4 29. Rxe4 Rb2 30. Rd3 Rb7
31. e3 Rc7 32. Rf4 f5 33. g4 fxg4 34. hxg4 g5 35. Rf5 h6 36. Rxb5 Rcc2 37. Rf5 Kg6 38. Rd6+ Kg7 39. Rb6 Rb1+ 40. Kg2 Rcb2
41. Rfb5 Re1 42. Rb7+ Kg8 43. Rd5
1-0

[Event "Autumn Tournament 2015 "]
[Site "SchemingMind.com"]
[Date "2015.10.02"]
[Round "-"]
[White "nic_car"]
[Black "emvarela"]
[Result "0-1"]
[WhiteCountry "ITA"]
[BlackCountry "ARG"]
[WhiteElo "1923"]
[WhiteRD "91"]
[BlackElo "1709"]
[BlackRD "48"]
[GameID "388108"]

1. e4 e5 2. Nf3 Nc6 3. Bb5 a6 4. Ba4 Nf6 5. Qe2 Be7 6. c3 b5 7. Bc2 d6 8. d4 exd4 9. cxd4 Bg4 10. Be3 O-O
11. Nbd2 Nb4 12. Bb3 Bxf3 13. Qxf3 Nd3+ 14. Ke2 Nxb2 15. Rac1 a5 16. Rc2 a4 17. Rxb2 axb3 18. Nxb3 Qd7 19. h3 d5 20. e5 Ne4
21. Rc1 Ba3 22. Rbc2 Bxc1 23. Bxc1 Ra7 24. Nd2 Nxd2 25. Bxd2 Rfa8 26. Qb3 Ra3 27. Qb1 Qf5 28. Qc1 Qd3+
0-1

[Event "Autumn Tournament 2015 "]
[Site "SchemingMind.com"]
[Date "2015.10.03"]
[Round "-"]
[White "emvarela"]
[Black "nic_car"]
[Result "0-1"]
[WhiteCountry "ARG"]
[BlackCountry "ITA"]
[WhiteElo "1720"]
[WhiteRD "49"]
[BlackElo "1923"]
[BlackRD "93"]
[GameID "388109"]

1. e4 c5 2. Nf3 e6 3. d4 cxd4 4. Nxd4 Nc6 5. Nc3 a6 6. g3 Qc7 7. Bg2 Nf6 8. O-O Bc5 9. Nxc6 dxc6 10. Bf4 e5
11. Be3 Bxe3 12. fxe3 Be6 13. b3 Rd8 14. Qe2 O-O 15. Rad1 Qa5 16. Rxd8 Rxd8 17. Qe1 Qc5 18. Rf2 Ng4 19. Re2 Rf8 20. Na4 Qe7
21. Rd2 f5 22. exf5 Bxf5 23. e4 Bg6 24. h3 Nf6 25. c4 b5 26. cxb5 cxb5 27. Nb2 Qc5+ 28. Kh2 Qc3 29. Re2 Nxe4 30. Bxe4 Qxe1
31. Bd5+ Bf7 32. Bxf7+ Rxf7 33. Rxe1 Rf2+ 34. Kg1 Rxb2 35. Rxe5 Rxa2 36. Re3 b4 37. h4 a5 38. Rf3 a4 39. bxa4 Rxa4 40. Rb3 Kf7
41. Kf2 Ke6 42. Ke2 Kd5 43. Kd2 Kc4
0-1

[Event "Autumn Tournament 2015 "]
[Site "SchemingMind.com"]
[Date "2015.09.30"]
[Round "-"]
[White "nic_car"]
[Black "Phillip Beckett"]
[Result "0-1"]
[WhiteCountry "ITA"]
[BlackCountry "ENG"]
[WhiteElo "1930"]
[WhiteRD "152"]
[BlackElo "1559"]
[BlackRD "49"]
[GameID "388110"]

1. e4 e5 2. Nf3 Nc6 3. Bb5 a6 4. Ba4 Nf6 5. Qe2 b5 6. Bb3 Be7 7. O-O O-O 8. c3 d5 9. d3 dxe4 10. dxe4 Bd6
11. Rd1 Qe7 12. Bg5 h6 13. Bh4 g5 14. Bg3 Nh5 15. Bxe5 Nxe5 16. Nxe5 Nf4
0-1

[Event "Autumn Tournament 2015 "]
[Site "SchemingMind.com"]
[Date "2015.09.29"]
[Round "-"]
[White "Phillip Beckett"]
[Black "nic_car"]
[Result "0-1"]
[WhiteCountry "ENG"]
[BlackCountry "ITA"]
[WhiteElo "1590"]
[WhiteRD "50"]
[BlackElo "1943"]
[BlackRD "125"]
[GameID "388111"]

1. e4 c5 2. Nf3 e6 3. d4 cxd4 4. Nxd4 a6 5. Nc3 Qc7 6. Bd3 Nf6 7. O-O Nc6 8. Nxc6 bxc6 9. Kh1 d5 10. exd5 cxd5
11. Bg5 Be7 12. Qe2 O-O 13. Rad1 Rd8 14. Rfe1 Bb7 15. f3 Ng4 16. fxg4 Bxg5 17. Qe5 Qxe5 18. Rxe5 Bf6 19. Ree1 Rac8 20. g3 Bxc3
21. bxc3 Rxc3 22. h4 Re8 23. Kh2 e5 24. Bf5 e4 25. h5 Rxc2+ 26. Kh3 g6 27. hxg6 hxg6
0-1

[Event "Autumn Tournament 2015 "]
[Site "SchemingMind.com"]
[Date "2015.09.29"]
[Round "-"]
[White "Scooter"]
[Black "nic_car"]
[Result "0-1"]
[WhiteCountry "USA"]
[BlackCountry "ITA"]
[WhiteElo "1707"]
[WhiteRD "48"]
[BlackElo "1943"]
[BlackRD "125"]
[GameID "388113"]

1. d4 Nf6 2. Nf3 e6 3. Bg5 d5 4. e3 Nbd7 5. Be2 Be7 6. O-O Ne4 7. Bxe7 Qxe7 8. c3 c6 9. Nbd2 Nd6 10. Qc2 e5
11. dxe5 Nxe5 12. Nxe5 Qxe5 13. Nf3 Qf6 14. h3 O-O 15. Rad1 Bf5 16. Bd3 Rfe8 17. Bxf5 Nxf5 18. Nd4 Re5 19. Nxf5 Qxf5 20. Qxf5 Rxf5
21. Rd4 Re8 22. Rfd1 g6 23. c4 dxc4 24. Rxc4 Rb5 25. Rd2 Ree5 26. b4 Red5 27. Rxd5 Rxd5 28. Rc2 Rd1+ 29. Kh2 Rb1 30. a3 Ra1
31. Rc3 Kf8 32. Kg3 Ke7 33. Rd3 Ke6 34. Kf3 Ra2 35. g4 Rc2 36. Kg3 g5 37. f4 h6 38. f5+ Ke7 39. e4 c5 40. bxc5 Rxc5
41. h4 f6 42. hxg5 hxg5 43. Kf3 b5 44. Ke3 Rc1 45. Kd4 Rg1 46. Kc5 Rxg4 47. Re3 Rf4 48. Kxb5 g4 49. a4 Rf3 50. Re2 g3
51. Rg2 Kd6 52. Ka6 Ra3 53. a5 Ke5 54. Kxa7 Rxa5+ 55. Kb6 Ra3 56. Re2 Ra4 57. Re3 Kf4
0-1

[Event "Autumn Tournament 2015 "]
[Site "SchemingMind.com"]
[Date "2015.09.29"]
[Round "-"]
[White "nic_car"]
[Black "kenneth m day"]
[Result "1-0"]
[WhiteCountry "ITA"]
[BlackCountry "USA"]
[WhiteElo "1943"]
[WhiteRD "125"]
[BlackElo "1678"]
[BlackRD "53"]
[GameID "388114"]

1. e4 e5 2. Nf3 Nc6 3. Bb5 f5 4. d3 fxe4 5. dxe4 Nf6 6. O-O Bc5 7. Qd3 O-O 8. Qc4+ Kh8 9. Qxc5 Nxe4 10. Qe3 d5
11. Nbd2 Bf5 12. Bxc6 bxc6 13. Nxe5 Qf6 14. Ndf3 c5 15. Qb3 c6 16. Qb7 Qe6 17. Nxc6 Nd6 18. Qb3 Nc4 19. Qb5 Bxc2 20. Re1 Qd6
21. Bg5 Rfc8 22. Nfe5 Nxe5 23. Nxe5 Bg6 24. Be7 Qc7 25. Nxg6+ hxg6 26. Qd3 Re8 27. Qh3+ Kg8 28. Qe6+ Kh7 29. Re3
1-0

[Event "Autumn Tournament 2015 "]
[Site "SchemingMind.com"]
[Date "2015.09.29"]
[Round "-"]
[White "kenneth m day"]
[Black "nic_car"]
[Result "0-1"]
[WhiteCountry "USA"]
[BlackCountry "ITA"]
[WhiteElo "1698"]
[WhiteRD "51"]
[BlackElo "1923"]
[BlackRD "91"]
[GameID "388115"]

1. e4 c5 2. d4 cxd4 3. c3 Nf6 4. e5 Nd5 5. Nf3 Nc6 6. Bc4 Nb6 7. Bb3 d6 8. O-O e6 9. cxd4 Be7 10. Nc3 O-O
11. Bf4 d5 12. a3 Na5 13. Bc2 Nac4 14. Ra2 Bd7 15. Qd3 g6 16. b3 Na5 17. Bh6 Re8 18. Qe3 Bf8 19. Bxf8 Rxf8 20. Qh6 f5
21. exf6 Rxf6 22. Ne5 Qe7 23. Raa1 Nc6 24. Ne2 Raf8 25. Rad1 Qg7 26. Qg5 Be8 27. f4 Ne7 28. g3 Nf5 29. Bxf5 Rxf5 30. Qg4 Nd7
31. Nxd7 Bxd7 32. Rc1 Bb5 33. Rfe1 Bxe2 34. Qxe2 Qxd4+ 35. Kh1 e5 36. Rcd1 Qc5 37. b4 Qc6 38. fxe5 Rf2
0-1